| 000 | 01240nam a22003257i 4500 | ||
|---|---|---|---|
| 999 |
_c171444 _d171444 |
||
| 005 | 20190306143259.0 | ||
| 008 | 190306t20122012my e b 000 0dmay d | ||
| 020 |
_a9789673610457 _qpaperback |
||
| 040 |
_aPPAK _beng _cPPAK _erda |
||
| 041 | 1 |
_amay _hind |
|
| 082 | 0 | 4 |
_a297.23 _223 |
| 090 | 0 | 0 |
_a297.23 _bMIS _dG |
| 100 | 0 |
_aMisbah Em Majidy, _cUstaz, _d1971- _eauthor. |
|
| 245 | 1 | 0 |
_aStop Syurga : _bKisah Pelaku Maksiat Yang Menjadi Penghuni Neraka Allah / _cMISBAH EM MAJIDY ; Editor Syariah : Ustaz Zainudin Hashim ; Editor Urusan : Solehah Abu Bakar ; Editor/Alihbahasa : Nik Faridah Mamat ; Editor/pruf : Norazila Kasir |
| 264 | 1 |
_aSungai Buloh, Selangor : _bKemilau Publika Sdn Bhd, _c2012 |
|
| 264 | 4 | _c©2012 | |
| 300 |
_axvii, 333 pages ; _c23 cm |
||
| 336 |
_2rdacontent _atext |
||
| 337 |
_2rdamedia _aunmediated |
||
| 338 |
_2rdacarrier _avolume |
||
| 500 | _aContains verses from the Qur'an and quotes from the Hadith | ||
| 504 | _aBibliography: pages 330-332 | ||
| 650 | 1 | 0 | _aIslamic estachology |
| 650 | 2 | 0 |
_aHell _xIslam |
| 700 | 0 |
_aZainudin Hashim, _cUstaz, _eeditor. |
|
| 700 | 0 |
_aSolehah Abu Bakar, _eeditor. |
|
| 700 | 0 |
_aNik Faridah Mamat, _eeditor. |
|
| 700 | 0 |
_aNorazila Kasir, _eeditor. |
|
| 942 |
_2ddc _cB |
||